<?xml version="1.0" encoding="UTF-8"?>
<marc:record xmlns:marc="http://www.loc.gov/MARC21/slim">
   <marc:leader>00000nam a2200000 a 4500</marc:leader>
   <marc:datafield ind1="1" ind2=" " tag="100">
      <marc:subfield code="a">Johannson, Imke</marc:subfield>
      <marc:subfield code="4">aut</marc:subfield>
      <marc:subfield code="e">Verfasser/-in</marc:subfield>
   </marc:datafield>
   <marc:datafield ind1="0" ind2="0" tag="245">
      <marc:subfield code="a">Meine Sommernachtsträume</marc:subfield>
   </marc:datafield>
   <marc:datafield ind1="0" ind2="0" tag="245">
      <marc:subfield code="b">Stimmungsvolle Ideen für gelungene Feste</marc:subfield>
   </marc:datafield>
   <marc:datafield ind1="0" ind2="0" tag="245">
      <marc:subfield code="c">Imke Johannson</marc:subfield>
   </marc:datafield>
   <marc:datafield ind1=" " ind2="1" tag="264">
      <marc:subfield code="a">Herford</marc:subfield>
      <marc:subfield code="b">Busse Seewald</marc:subfield>
      <marc:subfield code="c">2008</marc:subfield>
   </marc:datafield>
   <marc:datafield ind1="1" ind2=" " tag="520">
      <marc:subfield code="a">Träumen Sie auch von romantischen Sommernächten zu zweit, edlen oder auch legeren Gartenparties, vom Picknick im Stroh oder einer märchenhaften Hochzeit? In diesem Buch finden Sie alles für liebevoll gestaltete Sommerabende: Tischdekorationen in unterschiedlichen Stilen, passende Rezepte, eine große Auswahl an Serviettengestaltungen, wertvolle Tipps für den perfekten Gastgeber, Einladungen, Gastgeschenke, stimmungsvolle Lichtspiele und vieles mehr. Die raffinierten Gestaltungsideen lassen sich durch die bebilderten Anleitungen leicht umsetzen. So können Sie bis in die Nacht hinein traumhafte Feiern genießen.</marc:subfield>
   </marc:datafield>
   <marc:datafield ind1=" " ind2=" " tag="020">
      <marc:subfield code="a">9783512033094</marc:subfield>
      <marc:subfield code="9">9783512033094</marc:subfield>
   </marc:datafield>
   <marc:datafield ind1=" " ind2=" " tag="020">
      <marc:subfield code="a">3512033091</marc:subfield>
      <marc:subfield code="9">3512033091</marc:subfield>
   </marc:datafield>
   <marc:datafield ind1=" " ind2=" " tag="300">
      <marc:subfield code="a">160 S.: Ill.</marc:subfield>
   </marc:datafield>
</marc:record>
